|
|
|
|
| LEADER |
03170nam a2200517 4500 |
| 001 |
978-3-030-18484-1 |
| 003 |
DE-He213 |
| 005 |
20191025132423.0 |
| 007 |
cr nn 008mamaa |
| 008 |
190808s2019 gw | s |||| 0|eng d |
| 020 |
|
|
|a 9783030184841
|9 978-3-030-18484-1
|
| 024 |
7 |
|
|a 10.1007/978-3-030-18484-1
|2 doi
|
| 040 |
|
|
|d GrThAP
|
| 050 |
|
4 |
|a QA319-329.9
|
| 072 |
|
7 |
|a PBKF
|2 bicssc
|
| 072 |
|
7 |
|a MAT037000
|2 bisacsh
|
| 072 |
|
7 |
|a PBKF
|2 thema
|
| 082 |
0 |
4 |
|a 515.7
|2 23
|
| 245 |
1 |
0 |
|a Linear Systems, Signal Processing and Hypercomplex Analysis
|h [electronic resource] :
|b Chapman University, November 2017 /
|c edited by Daniel Alpay, Mihaela B. Vajiac.
|
| 250 |
|
|
|a 1st ed. 2019.
|
| 264 |
|
1 |
|a Cham :
|b Springer International Publishing :
|b Imprint: Birkhäuser,
|c 2019.
|
| 300 |
|
|
|a VIII, 316 p.
|b online resource.
|
| 336 |
|
|
|a text
|b txt
|2 rdacontent
|
| 337 |
|
|
|a computer
|b c
|2 rdamedia
|
| 338 |
|
|
|a online resource
|b cr
|2 rdacarrier
|
| 347 |
|
|
|a text file
|b PDF
|2 rda
|
| 490 |
1 |
|
|a Linear Operators and Linear Systems,
|x 2504-3609 ;
|v 275
|
| 505 |
0 |
|
|a Multiplicative Stieltjes functions and associated pairs of reproducing kernel Hilbert spaces -- Quasi boundary triples, self-adjoint extensions, and Robin Laplacians on the half-space -- Graph Laplace and Markov operators on a Measure Space -- Conditionally free probability -- Boundary values of Discrete Monogenic Functions over Bounded Domains in R3 -- Semicircular Elements Induced by Projections on Separable Hilbert Spaces -- On a Backward Shifting Problem for [α,∞)-non-negative Definite Sequences of Complex q x q matrices -- Evolution of Nodes and their Application to Completely Integrable PDEs -- Frobenius Determinants and Bessel functions -- Algebraic Residue Calculus Beyond the Complex Setting.
|
| 520 |
|
|
|a This volume includes contributions originating from a conference held at Chapman University during November 14-19, 2017. It presents original research by experts in signal processing, linear systems, operator theory, complex and hypercomplex analysis and related topics.
|
| 650 |
|
0 |
|a Functional analysis.
|
| 650 |
|
0 |
|a Partial differential equations.
|
| 650 |
|
0 |
|a Functions of complex variables.
|
| 650 |
1 |
4 |
|a Functional Analysis.
|0 http://scigraph.springernature.com/things/product-market-codes/M12066
|
| 650 |
2 |
4 |
|a Partial Differential Equations.
|0 http://scigraph.springernature.com/things/product-market-codes/M12155
|
| 650 |
2 |
4 |
|a Functions of a Complex Variable.
|0 http://scigraph.springernature.com/things/product-market-codes/M12074
|
| 700 |
1 |
|
|a Alpay, Daniel.
|e editor.
|4 edt
|4 http://id.loc.gov/vocabulary/relators/edt
|
| 700 |
1 |
|
|a Vajiac, Mihaela B.
|e editor.
|4 edt
|4 http://id.loc.gov/vocabulary/relators/edt
|
| 710 |
2 |
|
|a SpringerLink (Online service)
|
| 773 |
0 |
|
|t Springer eBooks
|
| 776 |
0 |
8 |
|i Printed edition:
|z 9783030184834
|
| 776 |
0 |
8 |
|i Printed edition:
|z 9783030184858
|
| 776 |
0 |
8 |
|i Printed edition:
|z 9783030184865
|
| 830 |
|
0 |
|a Linear Operators and Linear Systems,
|x 2504-3609 ;
|v 275
|
| 856 |
4 |
0 |
|u https://doi.org/10.1007/978-3-030-18484-1
|z Full Text via HEAL-Link
|
| 912 |
|
|
|a ZDB-2-SMA
|
| 950 |
|
|
|a Mathematics and Statistics (Springer-11649)
|